000 00439nam a2200181Ia 4500
001 22966
005 20260414150906.0
008 260414t1992||||xx |||||||||||||| ||spa||
041 _aESP
082 _a624.171
_bP33A
100 _aPaz, Mario
_eAUT
245 0 _aDinámica estructural :
_bteoría y cálculo
260 _c1992
300 _axxiii, 648 páginas :
_c21 cm.
650 _a0
654 _aCIC
942 _cLIB
_dJUS
_fJUS
_2ddc
_n
999 _c22966
_d22966